Normal view
MARC view
- الهندسة المدنية-مواصفات البناء
Entry Topical Term
001 - CONTROL NUMBER
- control field: 37171
003 - CONTROL NUMBER IDENTIFIER
- control field: JO-AjAnu
005 - DATE AND TIME OF LATEST TRANSACTION
- control field: 20230606080212.0
008 - FIXED-LENGTH DATA ELEMENTS
- fixed length control field: 230606|| aca||aabn | a|a d
040 ## - CATALOGING SOURCE
- Original cataloging agency: JO-AjAnu
- Transcribing agency: JO-AjAnu
150 ## - HEADING--TOPICAL TERM
- Topical term or geographic name entry element: الهندسة المدنية-مواصفات البناء
670 ## - SOURCE DATA FOUND
- Source citation: Work cat.: (JO-AjAnu)19075: برجر، كوينز... واخرون؛ ترجمه رزق نمر حماد ؛ مراجعة سليم الفقية , author 37170, دليل الهندسي تصميم المساكن والمباني في المناطق المدارية، ج1